[Event "53rd World U20 ch"]
[Site "Pune IND"]
[Date "2014.10.17"]
[Round "11.17"]
[White "Das, Sayantan"]
[Black "Gahan, M. G."]
[Result "1/2-1/2"]
[WhiteElo "2456"]
[BlackElo "2252"]
[EventDate "2014.10.06"]
[PlyCount "72"]

1.c4 c5 2.g3 Nf6 3.Bg2 d5 4.cxd5 Nxd5 5.Nc3 Nb6 6.Nf3 Nc6 7.d3 e5 8.Be3 
Be7 9.Rc1 Be6 10.O-O Nd7 11.Nd2 Rc8 12.Nce4 Nb4 13.Nc4 Qc7 14.Bd2 Nd5 15.
Ng5 Bxg5 16.Bxg5 h6 17.Bd2 O-O 18.a3 b5 19.Ne3 Qd6 20.Nxd5 Bxd5 21.Bxd5 
Qxd5 22.Be3 Rc6 23.Qd2 Rfc8 24.b4 a6 25.Rfd1 Kh7 26.f3 cxb4 27.axb4 Qd6 
28.Rxc6 Rxc6 29.Ra1 Nf8 30.Rc1 Rxc1+ 31.Qxc1 Ne6 32.Qc3 Kg6 33.Kf2 Nd4 34.
f4 f6 35.g4 Kf7 36.h3 Qd5 1/2-1/2

[Event "53rd World U20 ch"]
[Site "Pune IND"]
[Date "2014.10.17"]
[Round "11.18"]
[White "Kozganbay, Erkin"]
[Black "Narayanan, Srinath"]
[Result "0-1"]
[WhiteElo "2328"]
[BlackElo "2443"]
[EventDate "2014.10.06"]
[PlyCount "50"]

1.Nf3 Nf6 2.g3 g6 3.b3 Bg7 4.Bb2 c5 5.c4 Nc6 6.Bg2 d6 7.O-O e5 8.e3 O-O 9.
Nc3 Re8 10.d4 e4 11.Ng5 Bf5 12.Nh3 Nb4 13.Ba3 Nd3 14.Nf4 cxd4 15.Nxd3 dxc3
16.Nf4 Bg4 17.Qc2 d5 18.Rac1 Rc8 19.h3 Bf3 20.Bxf3 exf3 21.Qxc3 g5 22.Nd3 
Qd7 23.Ne1 Qxh3 24.Nxf3 Ne4 25.Qd3 Rc6 0-1

[Event "53rd World U20 ch"]
[Site "Pune IND"]
[Date "2014.10.17"]
[Round "11.19"]
[White "Anurag, Mhamal"]
[Black "Rajdeep, Sarkar"]
[Result "1-0"]
[WhiteElo "2442"]
[BlackElo "2145"]
[EventDate "2014.10.06"]
[PlyCount "113"]

1.d4 d5 2.Nc3 Bf5 3.Bg5 c6 4.Qd2 h6 5.Bh4 Nd7 6.f3 Ngf6 7.O-O-O e6 8.Re1 
Bb4 9.a3 Bxc3 10.Qxc3 Qb6 11.g4 Bg6 12.Bf2 O-O-O 13.Nh3 Kb8 14.Nf4 Bh7 15.
Nd3 Bxd3 16.exd3 Ka8 17.Re2 Rhe8 18.h4 Qc7 19.Bg2 Ng8 20.Bg1 Rc8 21.Bh2 
Qd8 22.Bg3 Ne7 23.Kb1 Ng6 24.h5 Ngf8 25.Rhe1 Qf6 26.Qb4 Qe7 27.Bd6 Qd8 28.
c4 Nf6 29.c5 Qd7 30.Bh3 N8h7 31.f4 Ng8 32.g5 hxg5 33.f5 e5 34.dxe5 f6 35.
Qd4 fxe5 36.Rxe5 Nhf6 37.Re6 Qf7 38.Bg4 a6 39.Bd1 Nh6 40.Qf2 Nhg4 41.Qg3 
Nh6 42.Re7 Rxe7 43.Rxe7 Qg8 44.Qxg5 Ne8 45.f6 Nf7 46.Qg6 Nfxd6 47.cxd6 
Nxf6 48.h6 Rd8 49.Rxg7 Qe6 50.d7 Kb8 51.Rf7 Qe1 52.Qxf6 Qxd1+ 53.Ka2 Kc7 
54.h7 Qh1 55.Qxd8+ Kxd8 56.Rf8+ Kxd7 57.h8=Q 1-0

[Event "53rd World U20 ch"]
[Site "Pune IND"]
[Date "2014.10.17"]
[Round "11.20"]
[White "Visakh, N. R."]
[Black "Kriebel, Tadeas"]
[Result "0-1"]
[WhiteElo "2300"]
[BlackElo "2428"]
[EventDate "2014.10.06"]
[PlyCount "175"]

1.e4 e5 2.Nf3 Nc6 3.Bb5 Nd4 4.Nxd4 exd4 5.O-O Bc5 6.c3 Ne7 7.d3 O-O 8.Nd2 
c6 9.Ba4 Bb6 10.Nf3 dxc3 11.bxc3 d5 12.Ba3 Re8 13.e5 Ng6 14.d4 f6 15.Bc2 
Bg4 16.Bxg6 hxg6 17.Bd6 Qd7 18.h3 Bf5 19.Nh4 Be4 20.f3 fxe5 21.Bxe5 Rxe5 
22.fxe4 Qd6 23.exd5 Re4 24.Nf3 cxd5 25.Ng5 Re3 26.Qd2 Qg3 27.Rf3 Rxf3 28.
Nxf3 Rf8 29.Qe3 Kh8 30.Rf1 Bc7 31.Qe6 Bf4 32.Qe1 Qxe1 33.Rxe1 Rc8 34.Re2 
Rxc3 35.Kf2 Kg8 36.g3 Bd6 37.h4 Kf8 38.Kg2 Bc7 39.a4 b6 40.Re6 g5 41.hxg5 
Kf7 42.Re2 Bd6 43.Ne5+ Bxe5 44.Rxe5 Ra3 45.Rxd5 Rxa4 46.Rd7+ Kg6 47.Kh3 b5
48.Rd6+ Kf7 49.Rd7+ Kg6 50.Rd6+ Kh7 51.Kg4 Ra1 52.Rd7 a5 53.Rb7 b4 54.d5 
Rd1 55.Rb5 Rd4+ 56.Kf3 b3 57.Rxb3 Rxd5 58.Rb6 Rxg5 59.Ra6 Rb5 60.Kg4 g6 
61.Ra8 Kg7 62.Kh4 Rh5+ 63.Kg4 Kh7 64.Rb8 Kh6 65.Rh8+ Kg7 66.Ra8 Rc5 67.Kh4
Kf7 68.Ra6 g5+ 69.Kh5 Ke7 70.g4 Kd7 71.Rb6 Re5 72.Ra6 Kc7 73.Rf6 Rd5 74.
Ra6 Kb7 75.Rf6 a4 76.Rf7+ Kb6 77.Rf6+ Kb5 78.Rf1 a3 79.Rb1+ Ka4 80.Ra1 Kb3
81.Rb1+ Kc2 82.Rb8 Ra5 83.Rf8 a2 84.Rf1 Rc5 85.Rh1 Rb5 86.Rg1 Kb2 87.Rg2+ 
Ka3 88.Rg3+ 0-1

[Event "53rd World U20 ch"]
[Site "Pune IND"]
[Date "2014.10.17"]
[Round "11.21"]
[White "Harsha, Bharathakoti"]
[Black "Van Kampen, Robin"]
[Result "0-1"]
[WhiteElo "2296"]
[BlackElo "2641"]
[EventDate "2014.10.06"]
[PlyCount "64"]

1.d4 Nf6 2.c4 e6 3.Nf3 d5 4.g3 Bb4+ 5.Bd2 Bd6 6.Bg2 c6 7.Nc3 O-O 8.O-O 
dxc4 9.Bg5 h6 10.Bxf6 Qxf6 11.Nd2 Rd8 12.Nxc4 Bc7 13.e3 Nd7 14.Qb3 Nb6 15.
Rfd1 Qe7 16.Rac1 Bd7 17.Ne4 Be8 18.Nc5 Rab8 19.Qa3 Nxc4 20.Rxc4 e5 21.d5 
cxd5 22.Rxd5 Bd6 23.Qc3 Bc6 24.Rd2 Bxg2 25.Kxg2 b5 26.Rxd6 Qxd6 27.Re4 Re8
28.g4 b4 29.Qc2 Qd5 30.Kg3 Rec8 31.Rc4 Rb5 32.e4 Qc6 0-1

[Event "53rd World U20 ch"]
[Site "Pune IND"]
[Date "2014.10.17"]
[Round "11.22"]
[White "Idani, Pouya"]
[Black "Kumaran, Balaji"]
[Result "1/2-1/2"]
[WhiteElo "2517"]
[BlackElo "2239"]
[EventDate "2014.10.06"]
[PlyCount "134"]

1.d4 Nf6 2.c4 e6 3.Nc3 Bb4 4.e3 c5 5.Ne2 O-O 6.a3 Bxc3+ 7.Nxc3 cxd4 8.Qxd4
d5 9.cxd5 exd5 10.Bb5 a6 11.Ba4 Qd6 12.O-O Nc6 13.Qh4 Bf5 14.Rd1 Qe5 15.e4
Nxe4 16.Bf4 Qf6 17.Qxf6 Nxf6 18.Nxd5 Nxd5 19.Rxd5 Be6 20.Rd6 Na5 21.Rb6 
Rfd8 22.b4 Nc4 23.Rxb7 Rac8 24.Ra7 Rd4 25.Be3 Nxe3 26.fxe3 Rd2 27.Rd1 
Rxd1+ 28.Bxd1 g5 29.Bf3 g4 30.Bb7 Rc7 31.Ra8+ Kg7 32.Bxa6 Rc1+ 33.Kf2 Rc2+
34.Kg3 Bd5 35.Rd8 Rxg2+ 36.Kf4 Be6 37.b5 Bc4 38.Rd4 Bf1 39.Rb4 h5 40.Bb7 
Rxh2 41.b6 Rf2+ 42.Kg3 Rd2 43.Bc8 Kh6 44.Bxg4 Rg2+ 45.Kh4 Rh2+ 46.Kg3 Rg2+
47.Kf3 hxg4+ 48.Rxg4 Rd2 49.Rd4 Ra2 50.a4 Ba6 51.Kf4 f6 52.Kf5 Rb2 53.a5 
Rf2+ 54.Rf4 Rc2 55.Rb4 Bb7 56.Kxf6 Rc6+ 57.Ke7 Kg5 58.Rb5+ Kg4 59.e4 Kf4 
60.e5 Bc8 61.Kd8 Ba6 62.b7 Bxb7 63.Rxb7 Kxe5 64.Rb6 Kd6 65.Rxc6+ Kxc6 66.
a6 Kb6 67.a7 Kxa7 1/2-1/2

[Event "53rd World U20 ch"]
[Site "Pune IND"]
[Date "2014.10.17"]
[Round "11.23"]
[White "Navalgund, Niranjan"]
[Black "Grover, Sahaj"]
[Result "0-1"]
[WhiteElo "2267"]
[BlackElo "2491"]
[EventDate "2014.10.06"]
[PlyCount "140"]

1.d4 Nf6 2.c4 e6 3.g3 d5 4.Nf3 Bb4+ 5.Bd2 Bd6 6.Qc2 O-O 7.Nc3 c5 8.cxd5 
cxd4 9.Nxd4 Qb6 10.Ndb5 Be5 11.Be3 Qa5 12.dxe6 Bxe6 13.Bg2 Nc6 14.O-O Ng4 
15.Bd2 a6 16.Na3 Nd4 17.Qd1 Qb6 18.e3 Nc6 19.Rb1 Rfd8 20.Qe2 h5 21.b4 Qc7 
22.h3 Nf6 23.f4 Bd6 24.Nc2 Qd7 25.e4 Bxh3 26.Be1 Re8 27.Rd1 Bg4 28.Bf3 Qe6
29.e5 Bc7 30.Bxg4 Nxg4 31.Nd5 Rac8 32.Nce3 Nxe3 33.Qxe3 Ne7 34.Qf3 Nxd5 
35.Rxd5 Bb6+ 36.Bf2 Bxf2+ 37.Rxf2 Qf5 38.Kg2 Rc4 39.a3 g6 40.Re2 Qc8 41.
Red2 Rc7 42.Rd6 Rc3 43.R6d3 Rxd3 44.Qxd3 Qc6+ 45.Qf3 Qc1 46.Re2 Qc8 47.Rd2
Kg7 48.Qd5 Qc3 49.Rd3 Qb2+ 50.Rd2 Qc1 51.Rf2 Qc7 52.Rd2 Re6 53.Kh2 Qc1 54.
Qd3 Rc6 55.f5 Qe1 56.Re2 Qc3 57.f6+ Kh7 58.Qd5 Rc7 59.Qd6 h4 60.Rg2 hxg3+ 
61.Kh3 Qc1 62.Qd2 Qxd2 63.Rxd2 g5 64.Rd8 Kg6 65.Re8 Rc3 66.Re7 b5 67.Re8 
Rxa3 68.Ra8 Kf5 69.Re8 Kf4 70.Rg8 Ra2 0-1

[Event "53rd World U20 ch"]
[Site "Pune IND"]
[Date "2014.10.17"]
[Round "11.24"]
[White "Yogesh, Gautam"]
[Black "Kantans, Toms"]
[Result "1/2-1/2"]
[WhiteElo "2144"]
[BlackElo "2485"]
[EventDate "2014.10.06"]
[PlyCount "90"]

1.e4 d5 2.exd5 Qxd5 3.Nc3 Qd6 4.d4 Nf6 5.Nf3 g6 6.Nb5 Qb6 7.c3 Bg7 8.Be2 
O-O 9.O-O c6 10.Na3 Qc7 11.Nc4 Nbd7 12.a4 Nd5 13.Qc2 b6 14.b4 c5 15.b5 Bb7
16.a5 Rac8 17.a6 Ba8 18.Bd2 Nf4 19.Bxf4 Qxf4 20.Rad1 Rfd8 21.Qd2 Qf5 22.
Ne3 Qf6 23.dxc5 Rxc5 24.c4 e6 25.Qxd7 Rxd7 26.Rxd7 Rc8 27.Rxa7 Qb2 28.Re1 
Bc3 29.Nd1 Qc2 30.Nxc3 Qxc3 31.Rd1 Qc2 32.Kf1 Be4 33.Rad7 Rxc4 34.Bxc4 
Qxc4+ 35.Kg1 Qxb5 36.a7 Qa5 37.h4 h6 38.Rc1 Kg7 39.Rcc7 Qa1+ 40.Kh2 Qf6 
41.Rc8 g5 42.Nd2 Qxf2 43.Nxe4 Qxh4+ 44.Kg1 Qe1+ 45.Kh2 Qh4+ 1/2-1/2

[Event "53rd World U20 ch"]
[Site "Pune IND"]
[Date "2014.10.17"]
[Round "11.25"]
[White "Prasannaa, S."]
[Black "Gagare, Shardul"]
[Result "0-1"]
[WhiteElo "2232"]
[BlackElo "2419"]
[EventDate "2014.10.06"]
[PlyCount "80"]

1.e4 c5 2.Nf3 g6 3.h4 h5 4.Bc4 Bg7 5.d3 Nc6 6.a3 d6 7.c3 Nf6 8.Bg5 O-O 9.
Nbd2 Bg4 10.Qb1 Nh7 11.O-O Nxg5 12.Nxg5 Ne5 13.f4 Nxc4 14.Nxc4 f6 15.Nf3 
e5 16.fxe5 dxe5 17.Ne3 Be6 18.Qc2 Bh6 19.Qe2 Bf4 20.Rad1 Qb6 21.Nd5 Bxd5 
22.exd5 Rae8 23.g3 c4+ 24.Kh2 cxd3 25.Qg2 Bh6 26.g4 hxg4 27.Qxg4 f5 28.Qg2
Kh7 29.Kh1 e4 30.Nd4 Qf6 31.Qh3 Re5 32.Ne6 Rxe6 33.dxe6 Qxe6 34.Rg1 Rf6 
35.h5 g5 36.Rge1 g4 37.Qg2 Qf7 38.Kg1 Qxh5 39.Qf2 g3 40.Qg2 Bf4 0-1

[Event "53rd World U20 ch"]
[Site "Pune IND"]
[Date "2014.10.17"]
[Round "11.26"]
[White "Deac, Bogdan-Daniel"]
[Black "Viani D`Cunha, Antonio"]
[Result "0-1"]
[WhiteElo "2402"]
[BlackElo "2257"]
[EventDate "2014.10.06"]
[PlyCount "92"]

1.Nf3 Nf6 2.g3 g6 3.Bg2 Bg7 4.c4 d6 5.Nc3 O-O 6.d4 Nbd7 7.O-O e5 8.e4 exd4
9.Nxd4 Re8 10.h3 Nc5 11.Re1 a5 12.Ndb5 Bd7 13.Bf4 Bxb5 14.cxb5 Nfd7 15.Qc2
Nb6 16.Rad1 Qe7 17.Nd5 Nxd5 18.Rxd5 b6 19.b3 Rad8 20.Qc4 h6 21.h4 Qf6 22.
Qc1 Kh7 23.f3 Qc3 24.Red1 Qxc1 25.Bxc1 Bc3 26.Bf1 a4 27.Bc4 axb3 28.axb3 
Ra8 29.Be3 Ra3 30.Bxc5 bxc5 31.b6 Bd4+ 32.Kg2 cxb6 33.Rxd6 Re7 34.Rxb6 
Ra2+ 35.Kh3 Rea7 36.h5 gxh5 37.f4 Rc2 38.Ra6 Rxa6 39.Bxa6 Rc3 40.Bc4 Bf2 
41.Bxf7 Bxg3 42.f5 h4 43.Rd7 Kg7 44.Kg4 Kf6 45.Be8 Re3 46.Rd6+ Bxd6 0-1

[Event "53rd World U20 ch"]
[Site "Pune IND"]
[Date "2014.10.17"]
[Round "11.27"]
[White "Johansson, Linus"]
[Black "Chakravarthi Reddy, M."]
[Result "1-0"]
[WhiteElo "2401"]
[BlackElo "2217"]
[EventDate "2014.10.06"]
[PlyCount "99"]

1.c4 f5 2.g3 Nf6 3.Bg2 g6 4.Nf3 Bg7 5.O-O O-O 6.d3 d6 7.Nc3 c6 8.Rb1 e5 9.
b4 h6 10.b5 g5 11.bxc6 bxc6 12.Ba3 Re8 13.Nd2 d5 14.cxd5 cxd5 15.Qb3 Be6 
16.Qb7 Nbd7 17.Nxd5 Nxd5 18.Bxd5 Nb6 19.Bxe6+ Rxe6 20.Rfc1 Rb8 21.Qc7 Rc8 
22.Qxd8+ Rxd8 23.Nb3 e4 24.Nc5 Ree8 25.Rc2 Bf8 26.dxe4 Rc8 27.Rcc1 fxe4 
28.Kg2 Re5 29.Rb5 Rd5 30.Ra5 Rc7 31.Nb3 Rxa5 32.Nxa5 Rd7 33.Bxf8 Kxf8 34.
Nb3 Ke7 35.Rc6 Rd6 36.Rc7+ Rd7 37.Rc6 Rd6 38.Rc7+ Rd7 39.Rc5 Kd6 40.e3 Nd5
41.Rc4 Re7 42.Nd4 Rb7 43.Nf5+ Ke5 44.Nxh6 Nb4 45.Ng4+ Kf5 46.h3 Nxa2 47.
Rc6 Rb6 48.Rc5+ Kg6 49.Ne5+ Kg7 50.Rc7+ 1-0

[Event "53rd World U20 ch"]
[Site "Pune IND"]
[Date "2014.10.17"]
[Round "11.28"]
[White "Sahoo, Utkal Ranjan"]
[Black "Vignesh, N. R."]
[Result "1/2-1/2"]
[WhiteElo "2170"]
[BlackElo "2360"]
[EventDate "2014.10.06"]
[PlyCount "67"]

1.d4 Nf6 2.Nf3 d5 3.c4 e6 4.Nc3 dxc4 5.e3 a6 6.Bxc4 b5 7.Be2 Bb7 8.O-O 
Nbd7 9.Nd2 c5 10.Bf3 Bxf3 11.Nxf3 Be7 12.dxc5 Nxc5 13.Nd4 O-O 14.a3 Rc8 
15.b4 Ncd7 16.Qb3 Qc7 17.Bb2 Ne5 18.Rfd1 Nc4 19.Rac1 Ng4 20.Nf3 Nxb2 21.
Qxb2 Bf6 22.Rd3 Rfd8 23.Rxd8+ Qxd8 24.g3 Qd3 25.Ne4 Rc4 26.Nxf6+ gxf6 27.
Rxc4 bxc4 28.Qd4 h5 29.Qxd3 cxd3 30.Nd2 f5 31.a4 Nf6 32.b5 axb5 33.axb5 
Kf8 34.f3 1/2-1/2

[Event "53rd World U20 ch"]
[Site "Pune IND"]
[Date "2014.10.17"]
[Round "11.29"]
[White "Sammed Jaykumar, Shete"]
[Black "Nasanjargal, Urtnasan"]
[Result "0-1"]
[WhiteElo "2139"]
[BlackElo "2330"]
[EventDate "2014.10.06"]
[PlyCount "123"]

1.e4 c5 2.c3 d5 3.exd5 Qxd5 4.d4 g6 5.Nf3 Bg7 6.Na3 cxd4 7.Bc4 Qe4+ 8.Be3 
Nh6 9.cxd4 O-O 10.O-O Bg4 11.Bxh6 Bxh6 12.Re1 Bxf3 13.Rxe4 Bxd1 14.Rxd1 
Bg5 15.Re5 Bf6 16.Rb5 Nc6 17.d5 Nd8 18.d6 exd6 19.Rxd6 Be7 20.Rd7 Bxa3 21.
bxa3 Rc8 22.Bf1 Rc2 23.Rbd5 Ne6 24.Rd2 Rxd2 25.Rxd2 Rc8 26.Rd7 Nc5 27.Rd4 
Kf8 28.g3 Ne6 29.Ra4 a6 30.Rb4 Rc7 31.Kg2 Ke7 32.Be2 Kd6 33.Bf3 b5 34.Bd1 
Rc4 35.Rb2 Nd4 36.Rd2 Kc5 37.Rd3 Rc1 38.Bb3 f5 39.Bg8 g5 40.h4 h6 41.hxg5 
hxg5 42.f3 Rc2+ 43.Kf1 Rc1+ 44.Kf2 Rc2+ 45.Kf1 f4 46.g4 a5 47.Bf7 a4 48.
Bg8 Rh2 49.Rc3+ Kd6 50.Rd3 Kc5 51.Rc3+ Kd6 52.Rd3 Ke5 53.Bf7 Rc2 54.Bg6 
Rxa2 55.Rc3 Nb3 56.Ke1 Rxa3 57.Be4 Ra1+ 58.Ke2 Ra2+ 59.Ke1 Rh2 60.Rc6 a3 
61.Rb6 a2 62.Rxb5+ 0-1

[Event "53rd World U20 ch"]
[Site "Pune IND"]
[Date "2014.10.17"]
[Round "11.30"]
[White "Shailesh, Dravid"]
[Black "Ben Artzi, Ido"]
[Result "1-0"]
[WhiteElo "2074"]
[BlackElo "2423"]
[EventDate "2014.10.06"]
[PlyCount "177"]

1.e4 e5 2.Nf3 Nc6 3.Bc4 Bc5 4.b4 Bxb4 5.c3 Be7 6.d4 Na5 7.Be2 d6 8.Qa4+ c6
9.dxe5 dxe5 10.Nxe5 Nf6 11.O-O Qc7 12.Nf3 O-O 13.e5 Nd7 14.Bf4 Nc5 15.Qc2 
g6 16.Nd4 Ne6 17.Nxe6 Bxe6 18.Nd2 Rfd8 19.Ne4 Nc4 20.Bxc4 Bxc4 21.Rfd1 
Rxd1+ 22.Rxd1 Rd8 23.Nf6+ Kh8 24.h4 a5 25.Bg3 Be6 26.Rxd8+ Qxd8 27.Qe4 Qd2
28.h5 Bxf6 29.exf6 Qd1+ 30.Kh2 Qxh5+ 31.Kg1 Qd1+ 32.Kh2 Qh5+ 33.Kg1 Qd1+ 
34.Kh2 h6 35.Qf4 Qh5+ 36.Kg1 Qd1+ 37.Kh2 Qh5+ 38.Kg1 Kh7 39.Qd6 Qg5 40.Be5
Bd5 41.Bg3 Bxa2 42.Bf4 Qf5 43.Be5 g5 44.Qf8 Kg6 45.Bd4 Bd5 46.f3 g4 47.Be3
Kxf6 48.Bd4+ Kg6 49.Qg7+ Kh5 50.Be3 Qb1+ 51.Kh2 Qg6 52.Qe5+ f5 53.fxg4+ 
Qxg4 54.Qe8+ Qg6 55.g4+ fxg4 56.Qe5+ Qg5 57.Bxg5 hxg5 58.Kg3 b5 59.Qh8+ 
Kg6 60.Qe8+ Kf6 61.Qd8+ Ke6 62.Qxa5 Bf3 63.Qb6 Kf5 64.Qc5+ Kf6 65.Qd6+ Kf5
66.Qe7 Bd5 67.Qh7+ Ke6 68.Kxg4 Kd6 69.Kxg5 Kc5 70.Qe7+ Kc4 71.Qb4+ Kd3 72.
Kf4 Bc4 73.Qc5 Bd5 74.Qd4+ Kc2 75.Ke3 Bc4 76.Qd2+ Kb3 77.Kd4 Bd5 78.Kc5 
Be4 79.Qc1 Bd5 80.Kd4 Bc4 81.Qb1+ Ka3 82.Qb4+ Ka2 83.Ke3 Bb3 84.Kd2 Kb2 
85.Qd4 Bc4 86.Qg1 Kb3 87.Qb1+ Ka3 88.Qb4+ Ka2 89.Kc2 1-0

[Event "53rd World U20 ch"]
[Site "Pune IND"]
[Date "2014.10.17"]
[Round "11.31"]
[White "Mohammad, Ashraf"]
[Black "Westerberg, Jonathan"]
[Result "1-0"]
[WhiteElo "2132"]
[BlackElo "2420"]
[EventDate "2014.10.06"]
[PlyCount "85"]

1.e4 b6 2.d4 Bb7 3.Bd3 Nf6 4.Qe2 Nc6 5.c3 e5 6.d5 Ne7 7.Nf3 Ng6 8.h4 h5 9.
Bg5 Be7 10.Bxf6 Bxf6 11.g3 c6 12.c4 Be7 13.Nc3 Bb4 14.Rc1 Qe7 15.O-O Bxc3 
16.Rxc3 c5 17.Rb1 d6 18.b4 cxb4 19.Rxb4 Nf8 20.a4 Bc8 21.Qe3 Nd7 22.a5 
bxa5 23.Ra4 Nc5 24.Rxa5 a6 25.Nd2 Rb8 26.Bf1 Qc7 27.Ra1 f5 28.exf5 Bxf5 
29.Nb3 Ne4 30.Bd3 Nxc3 31.Bxf5 Rxb3 32.Bg6+ Kf8 33.Rxa6 Rh6 34.Bc2 Qb7 35.
Bxb3 Qxb3 36.Qf3+ Rf6 37.Ra8+ Ke7 38.Ra7+ Kd8 39.Qe3 Qb1+ 40.Kh2 Ne4 41.
Ra8+ Kc7 42.Qa7+ Qb7 43.Qa5+ 1-0

[Event "53rd World U20 ch"]
[Site "Pune IND"]
[Date "2014.10.17"]
[Round "11.32"]
[White "Prince, Bajaj"]
[Black "Nishant, Malhotra"]
[Result "1/2-1/2"]
[WhiteElo "2369"]
[BlackElo "2129"]
[EventDate "2014.10.06"]
[PlyCount "61"]

1.e4 e5 2.Nf3 Nc6 3.Bb5 a6 4.Ba4 Nf6 5.O-O Bc5 6.c3 b5 7.Bc2 d5 8.d4 dxe4 
9.Nbd2 exf3 10.Qxf3 Be7 11.Qxc6+ Bd7 12.Qf3 exd4 13.Ne4 O-O 14.Rd1 c5 15.
Bg5 Re8 16.Bxf6 Bxf6 17.Nxc5 Bc6 18.Be4 Bxe4 19.Nxe4 Be5 20.a4 bxa4 21.
cxd4 Bxh2+ 22.Kxh2 Qh4+ 23.Kg1 Qxe4 24.Qxe4 Rxe4 25.Rxa4 Kf8 26.Kf1 Rb8 
27.f3 Re6 28.Rd2 Reb6 29.d5 Rxb2 30.Rxb2 Rxb2 31.Rxa6 1/2-1/2

[Event "53rd World U20 ch"]
[Site "Pune IND"]
[Date "2014.10.17"]
[Round "11.33"]
[White "Yogit, S."]
[Black "Gahwiler, Gabriel"]
[Result "1/2-1/2"]
[WhiteElo "1954"]
[BlackElo "2360"]
[EventDate "2014.10.06"]
[PlyCount "90"]

1.e4 c5 2.Nf3 d6 3.d4 cxd4 4.Nxd4 Nf6 5.Nc3 a6 6.Be2 e5 7.Nb3 Be6 8.O-O 
Be7 9.Kh1 O-O 10.f4 exf4 11.Bxf4 Nc6 12.Qe1 Ne5 13.Rd1 Qc7 14.Qg3 Rfd8 15.
Nd4 b5 16.a3 Rac8 17.Nf5 Bxf5 18.exf5 Qb7 19.Bxe5 dxe5 20.Qxe5 Re8 21.Bf3 
Qb6 22.Qg3 Bxa3 23.Nd5 Nxd5 24.Bxd5 Bxb2 25.Bxf7+ Kxf7 26.Qb3+ Rc4 27.Qxb2
Qf6 28.Qa3 Kg8 29.h3 Rxc2 30.Rd6 Qc3 31.Qxc3 Rxc3 32.Rxa6 Rb8 33.f6 b4 34.
fxg7 Rcc8 35.Ra2 b3 36.Rb2 Rc2 37.Rf8+ Kxg7 38.Rxb8 Rxb2 39.Rb6 Kf7 40.Kh2
Rb1 41.g4 Rb2+ 42.Kg3 Rb1 43.Kh2 Kg7 44.g5 b2 45.h4 h5 1/2-1/2

[Event "53rd World U20 ch"]
[Site "Pune IND"]
[Date "2014.10.17"]
[Round "11.34"]
[White "Aradhya, Garg"]
[Black "Koksal, Ege"]
[Result "0-1"]
[WhiteElo "2068"]
[BlackElo "2321"]
[EventDate "2014.10.06"]
[PlyCount "124"]

1.d4 Nf6 2.c4 e6 3.Nf3 d5 4.Nc3 Nbd7 5.Bf4 c6 6.e3 Be7 7.c5 O-O 8.Qc2 b6 
9.b4 a5 10.b5 Bb7 11.cxb6 Nxb6 12.bxc6 Bxc6 13.Bd3 Rc8 14.O-O Bb4 15.Qb2 
Ne4 16.Ne2 Nd6 17.Qb1 Ne4 18.Rc1 Ba8 19.Rxc8 Nxc8 20.a3 Bd6 21.Qc2 Ne7 22.
h3 Bc6 23.Ne5 Ba8 24.f3 Nf6 25.g4 Ng6 26.g5 Bxe5 27.dxe5 Nh5 28.Qc5 Nxe5 
29.Bxe5 Qxg5+ 30.Kf2 Qxe5 31.Rg1 g6 32.f4 Qf6 33.Qxa5 Qh4+ 34.Ng3 d4 35.
Qg5 dxe3+ 36.Kxe3 Qxg5 37.fxg5 Nxg3 38.Rxg3 h6 39.h4 hxg5 40.Rxg5 Kg7 41.
a4 Kh6 42.Be4 Bxe4 43.Kxe4 Ra8 44.a5 f6 45.Rb5 Ra6 46.Kf4 e5+ 47.Kg3 Ra8 
48.Kg4 Rc8 49.Kf3 Rc4 50.a6 Ra4 51.Rb6 f5 52.Re6 Ra3+ 53.Kg2 e4 54.Kf2 Kh5
55.Ke2 Kxh4 56.Rxg6 f4 57.Kf2 Ra2+ 58.Kg1 e3 59.Rb6 Kg3 60.Rg6+ Kf3 61.Re6
e2 62.Kh1 Ra1+ 0-1

[Event "53rd World U20 ch"]
[Site "Pune IND"]
[Date "2014.10.17"]
[Round "11.35"]
[White "Praggnanandhaa, R."]
[Black "Borisenko, Viacheslav"]
[Result "1-0"]
[WhiteElo "1836"]
[BlackElo "2316"]
[EventDate "2014.10.06"]
[PlyCount "89"]

1.e4 c5 2.Nf3 e6 3.Nc3 a6 4.a4 Nc6 5.Be2 b6 6.O-O Bb7 7.d4 cxd4 8.Nxd4 Qc7
9.Nxc6 dxc6 10.Bd3 Nf6 11.Qe2 Nd7 12.Be3 g6 13.f4 Bb4 14.f5 Bd6 15.h3 exf5
16.exf5 O-O-O 17.Ne4 Bh2+ 18.Kh1 Rhe8 19.fxg6 hxg6 20.Rxf7 c5 21.Nf6 Qg3 
22.Bxa6 Qxe3 23.Bxb7+ Kxb7 24.Qxe3 Rxe3 25.Kxh2 Kc8 26.Rd1 Ne5 27.Rxd8+ 
Kxd8 28.Rf8+ Ke7 29.Nd5+ Kxf8 30.Nxe3 Kf7 31.Kg3 Ke6 32.Kf4 Nc6 33.Nc4 Nb4
34.c3 Nd5+ 35.Kg5 Kf7 36.h4 Kg7 37.h5 gxh5 38.Kxh5 Kf6 39.g4 Ke6 40.g5 Kf7
41.Kh6 Kg8 42.Kg6 Kf8 43.Kh7 Ke7 44.g6 Nf6+ 45.Kh8 1-0

[Event "53rd World U20 ch"]
[Site "Pune IND"]
[Date "2014.10.17"]
[Round "11.36"]
[White "Lokesh, P."]
[Black "Gandhi, Anish"]
[Result "1-0"]
[WhiteElo "2303"]
[BlackElo "2068"]
[EventDate "2014.10.06"]
[PlyCount "73"]

1.e4 c5 2.Nf3 d6 3.d4 cxd4 4.Nxd4 Nf6 5.Nc3 a6 6.Be2 e6 7.O-O Be7 8.Be3 
O-O 9.f4 Qc7 10.a4 Nc6 11.Nb3 b6 12.g4 Nd7 13.g5 Bb7 14.Bg4 Nb4 15.Bf3 
Rfe8 16.Bg2 Rad8 17.Nd4 e5 18.Nf5 Bf8 19.Rc1 Nc5 20.Qh5 g6 21.Nh6+ Bxh6 
22.Qxh6 Qe7 23.a5 d5 24.exd5 Nxd5 25.Nxd5 Bxd5 26.Bxd5 Rxd5 27.f5 gxf5 28.
Rxf5 Qd7 29.Rcf1 Rd1 30.Qf6 Rxf1+ 31.Rxf1 Qg4+ 32.Kh1 Qe4+ 33.Qf3 Qxf3+ 
34.Rxf3 Nd7 35.Bxb6 e4 36.Re3 Rc8 37.Rxe4 1-0

[Event "53rd World U20 ch"]
[Site "Pune IND"]
[Date "2014.10.17"]
[Round "11.37"]
[White "Puranik, Abhimanyu"]
[Black "Ganesh, R."]
[Result "1-0"]
[WhiteElo "2269"]
[BlackElo "2030"]
[EventDate "2014.10.06"]
[PlyCount "99"]

1.e4 c5 2.Nf3 e6 3.c3 d5 4.e5 Nc6 5.d4 Qb6 6.a3 c4 7.Nbd2 Na5 8.Rb1 Bd7 9.
Be2 Rc8 10.O-O g6 11.Ng5 h6 12.Nh3 h5 13.Re1 Ne7 14.Nf1 Qb3 15.Bg5 Qxd1 
16.Bxd1 Nf5 17.Bc2 Be7 18.Ne3 Nh6 19.f4 b5 20.Bxe7 Kxe7 21.Ng5 Nc6 22.g3 
Rb8 23.h3 Nf5 24.Nf1 Nh6 25.Kg2 a5 26.Kf3 b4 27.g4 hxg4+ 28.hxg4 bxc3 29.
bxc3 Rxb1 30.Rxb1 Rb8 31.Rxb8 Nxb8 32.Ne3 Bc6 33.f5 gxf5 34.gxf5 exf5 35.
Kf4 Na6 36.Nh7 Ng8 37.Nxf5+ Kd7 38.Kg5 Kd8 39.Nf6 Ne7 40.Nd6 Nc7 41.Nxf7+ 
Kc8 42.Nd6+ Kb8 43.Bf5 Na8 44.Nd7+ Kc7 45.Nc5 Nxf5 46.Kxf5 Nb6 47.Kf6 Na8 
48.Ke7 a4 49.e6 Kb6 50.Kd8 1-0

[Event "53rd World U20 ch"]
[Site "Pune IND"]
[Date "2014.10.17"]
[Round "11.38"]
[White "Sai Vishwesh, Chandrakaladaran"]
[Black "Praneeth Surya, K."]
[Result "1-0"]
[WhiteElo "2151"]
[BlackElo "2251"]
[EventDate "2014.10.06"]
[PlyCount "116"]

1.e4 c5 2.d4 cxd4 3.c3 dxc3 4.Nxc3 Nc6 5.Nf3 d6 6.Bc4 a6 7.O-O Nf6 8.Bf4 
Bg4 9.Qb3 e6 10.Ng5 Qd7 11.f3 Na5 12.Qb4 Nxc4 13.Qxc4 Bh5 14.Rfd1 h6 15.
Nh3 b5 16.Qd3 e5 17.Nd5 Qb7 18.Nxf6+ gxf6 19.Bd2 Be7 20.Rac1 Bg6 21.Nf2 d5
22.Qxd5 Qxd5 23.exd5 Kd7 24.Rc6 h5 25.Ne4 f5 26.Nf6+ Bxf6 27.Rxf6 Rhc8 28.
Bc3 e4 29.a3 Rc4 30.Kf2 h4 31.fxe4 fxe4 32.Ke3 h3 33.g3 Rac8 34.Rxa6 Rxc3+
35.bxc3 Rxc3+ 36.Kf4 Rf3+ 37.Kg4 Rf2 38.Kxh3 e3 39.Rxg6 fxg6 40.Re1 e2 41.
g4 Rf3+ 42.Kh4 Re3 43.Kg5 Re4 44.h3 Re3 45.Kxg6 Rxh3 46.Rxe2 Rxa3 47.Rb2 
Ra5 48.Kh6 Kd6 49.Rd2 b4 50.g5 b3 51.Rb2 Rxd5 52.Rxb3 Ke7 53.Rf3 Rd1 54.g6
Rh1+ 55.Kg7 Ke6 56.Kg8 Rg1 57.g7 Rg2 58.Kf8 Kd5 1-0

[Event "53rd World U20 ch"]
[Site "Pune IND"]
[Date "2014.10.17"]
[Round "11.39"]
[White "Ritviz, Parab"]
[Black "Gajwa, Ankit"]
[Result "0-1"]
[WhiteElo "2205"]
[BlackElo "2110"]
[EventDate "2014.10.06"]
[PlyCount "84"]

1.e4 c5 2.Nf3 d6 3.Bb5+ Nd7 4.O-O Nf6 5.Re1 a6 6.Bf1 b6 7.d3 Bb7 8.a4 e6 
9.Na3 Be7 10.h3 O-O 11.Bf4 e5 12.Bh2 Re8 13.c3 Bf8 14.Qb3 h6 15.Nc4 Bc6 
16.Ne3 b5 17.a5 Qc7 18.Nh4 Qb7 19.Ng6 c4 20.dxc4 fxg6 21.cxb5+ Kh7 22.b6 
Nc5 23.Qd1 Ncxe4 24.f3 Ng5 25.h4 Ne6 26.b4 e4 27.fxe4 Bxe4 28.b5 axb5 29.
Bxb5 Bc6 30.Qa4 Bxb5 31.Qxb5 Nc5 32.Nc2 Nfe4 33.Nb4 Nxc3 34.Qxe8 Rxe8 35.
Rxe8 Be7 36.Re1 Bxh4 37.Rc1 N3e4 38.Bf4 Qf7 39.Rxe4 Nxe4 40.Nd3 Qb3 41.Ne1
Bf2+ 42.Kh1 Qb5 0-1

[Event "53rd World U20 ch"]
[Site "Pune IND"]
[Date "2014.10.17"]
[Round "11.40"]
[White "Krishna Teja, N."]
[Black "Sidhant, Mohapatra"]
[Result "1/2-1/2"]
[WhiteElo "2049"]
[BlackElo "2382"]
[EventDate "2014.10.06"]
[PlyCount "60"]

1.Nf3 Nf6 2.c4 c6 3.e3 d5 4.d4 e6 5.Nbd2 Nbd7 6.Bd3 dxc4 7.Nxc4 c5 8.Be2 
Be7 9.O-O O-O 10.b3 b6 11.Bb2 Bb7 12.dxc5 Nxc5 13.Qxd8 Rfxd8 14.Rfd1 Rac8 
15.Rxd8+ Rxd8 16.Rd1 Rxd1+ 17.Bxd1 Nd3 18.Nfe5 Nxb2 19.Nxb2 Bd6 20.Nbc4 
Bc7 21.Bf3 Bxf3 22.Nxf3 b5 23.Nb2 Ne4 24.a4 bxa4 25.Nxa4 Kf8 26.Kf1 Ke7 
27.Ke2 f6 28.g3 g5 29.Nd4 Kd7 30.f3 Nd6 1/2-1/2

[Event "53rd World U20 ch"]
[Site "Pune IND"]
[Date "2014.10.17"]
[Round "11.41"]
[White "Nihal, Sarin"]
[Black "Cabarkapa, Novak"]
[Result "0-1"]
[WhiteElo "2018"]
[BlackElo "2379"]
[EventDate "2014.10.06"]
[PlyCount "106"]

1.d4 Nf6 2.c4 g6 3.Nc3 Bg7 4.e4 d6 5.Nf3 O-O 6.Be2 e5 7.O-O Qe8 8.dxe5 
dxe5 9.b4 Bg4 10.b5 Bxf3 11.Bxf3 Qe6 12.Ba3 Rc8 13.Qb3 Nbd7 14.Nd5 Bf8 15.
Bxf8 Kxf8 16.Qa3+ Kg7 17.Nxf6 Kxf6 18.c5 b6 19.c6 Nc5 20.Qe3 Kg7 21.Be2 
Rd8 22.Rfc1 Rd4 23.f3 Rad8 24.Rc2 Qd6 25.Rac1 Rd2 26.Rxd2 Qxd2 27.Qxd2 
Rxd2 28.Bc4 f5 29.Re1 Kf6 30.h4 Rd4 31.Bd5 Nd3 32.Rd1 Nf4 33.Bb3 fxe4 34.
fxe4 Ne2+ 35.Kf2 Rxd1 36.Bxd1 Nc3 37.Be2 Nxe4+ 38.Ke3 Ng3 39.Bc4 Nf5+ 40.
Kf2 Nxh4 41.Bd3 Nf5 42.a4 Nd6 43.Ke3 h5 44.g3 g5 45.Be2 Nf5+ 46.Kf2 h4 47.
gxh4 gxh4 48.Bg4 Kg5 49.Bf3 Kf4 50.Bd5 e4 51.Be6 e3+ 52.Ke1 h3 53.Bd5 Ng3 
0-1